| 000 -LEADER |
| fixed length control field |
02132cam a22003618i 4500 |
| 001 - CONTROL NUMBER |
| control field |
21663321 |
| 003 - CONTROL NUMBER IDENTIFIER |
| control field |
NUST |
| 005 - DATE AND TIME OF LATEST TRANSACTION |
| control field |
20221013122733.0 |
| 008 - FIXED-LENGTH DATA ELEMENTS--GENERAL INFORMATION |
| fixed length control field |
200811s2022 nyu b 001 0 eng |
| 010 ## - LIBRARY OF CONGRESS CONTROL NUMBER |
| LC control number |
2020036600 |
| 020 ## - INTERNATIONAL STANDARD BOOK NUMBER |
| International Standard Book Number |
978-1-25-900247-2 |
| Qualifying information |
(paperback ; |
| -- |
alk. paper) |
| 020 ## - INTERNATIONAL STANDARD BOOK NUMBER |
| Canceled/invalid ISBN |
9781264169634 |
| Qualifying information |
(ebook) |
| 040 ## - CATALOGING SOURCE |
| Original cataloging agency |
DLC |
| Language of cataloging |
eng |
| Description conventions |
rda |
| Transcribing agency |
DLC |
| Modifying agency |
DLC |
| 042 ## - AUTHENTICATION CODE |
| Authentication code |
pcc |
| 050 00 - LIBRARY OF CONGRESS CALL NUMBER |
| Classification number |
BF76.5 |
| Item number |
.B67 2022 |
| 082 00 - DEWEY DECIMAL CLASSIFICATION NUMBER |
| Classification number |
150.72, BOR |
| Edition number |
23 |
| 100 1# - MAIN ENTRY--PERSONAL NAME |
| Personal name |
Bordens, Kenneth S., |
| Relator term |
author. |
| 9 (RLIN) |
3185 |
| 245 10 - TITLE STATEMENT |
| Title |
Research design and methods : |
| Remainder of title |
a process approach / |
| Statement of responsibility, etc. |
Kenneth S. Bordens, Bruce B. Abbott, Purdue University Fort Wayne. |
| 250 ## - EDITION STATEMENT |
| Edition statement |
Eleventh edition. |
| 263 ## - PROJECTED PUBLICATION DATE |
| Projected publication date |
2102 |
| 264 #1 - PRODUCTION, PUBLICATION, DISTRIBUTION, MANUFACTURE, AND COPYRIGHT NOTICE |
| Place of production, publication, distribution, manufacture |
New York : |
| Name of producer, publisher, distributor, manufacturer |
McGraw-Hill Education, |
| Date of production, publication, distribution, manufacture, or copyright notice |
[2022] |
| 300 ## - PHYSICAL DESCRIPTION |
| Extent |
xxi, 544: pages |
| 336 ## - CONTENT TYPE |
| Content type term |
text |
| Content type code |
txt |
| Source |
rdacontent |
| 337 ## - MEDIA TYPE |
| Media type term |
unmediated |
| Media type code |
n |
| Source |
rdamedia |
| 338 ## - CARRIER TYPE |
| Carrier type term |
volume |
| Carrier type code |
nc |
| Source |
rdacarrier |
| 505 ## - FORMATTED CONTENTS NOTE |
| Formatted contents note |
Chapter 1: Explaining Behavior (Page-1), Chapter 2: Developing and Evaluating Theories of Behavior (Page-32),Chapter 3: Getting Ideas for Research (Page-56),Chapter 4: Choosing a Research Design (Page-102),Chapter 5: Making Systemic Observations (Page-127),Chapter 6: Choosing and Using Research Subject (Page-162),Chapter 7: Understanding Etheical Issues in the Research Process (Page-197), Chapter 8: Using Nonexperimental Research (Page-223),Chapter 9: Using Survey Research (Page-258),Chapter 10: Using Between-Subjects and within-Subjects Experimental Design (Page-290),Chapter 11: Using Specialized Research Designs (Page-330),Chapter 12: Using Single-Subject Designs (Page-357),Chapter 13: Describing Data (Page-391),<br/>Chapter 14: Using Inferential Statistics (Page-430),Chapter 15: Using Multivariate Design and Analysis (Page-466),Chapter 16: Reporting your Research Results (Page-500).<br/> |
| 650 #0 - SUBJECT ADDED ENTRY--TOPICAL TERM |
| Topical term or geographic name entry element |
Psychology |
| General subdivision |
Research. |
| 9 (RLIN) |
37077 |
| 650 #0 - SUBJECT ADDED ENTRY--TOPICAL TERM |
| Topical term or geographic name entry element |
Psychology |
| General subdivision |
Research |
| -- |
Methodology. |
| 700 1# - ADDED ENTRY--PERSONAL NAME |
| Personal name |
Abbott, Bruce B., |
| Relator term |
author. |
| 9 (RLIN) |
3188 |
| 906 ## - LOCAL DATA ELEMENT F, LDF (RLIN) |
| a |
7 |
| b |
cbc |
| c |
orignew |
| d |
1 |
| e |
ecip |
| f |
20 |
| g |
y-gencatlg |
| 942 ## - ADDED ENTRY ELEMENTS (KOHA) |
| Source of classification or shelving scheme |
|
| Koha item type |
Book |